00423 2200157 4500001002100000005001500021035002000036245006200056100002700118300002600145260003800171082000800209084001400217020002200231990001200253INLIS00000000000309520250930104926 a0010-09250004421 aSenandika ( Kumpulan Puisi ) /c48 Guru Penulis Nusantara0 aGuru Penulis Nusantara a105 hlm ;c14 x 20 cm aBanyumas :bSIP Publishing,c2020 a811 a811 GUR s a978-623-6585-57-3 a0755531